Die besten Freizeitparks in Deutschland - Statistiken

Allgemein
  • Dieses Quiz wurde 153 mal gespielt
  • Das Durchschnittsergebnis liegt bei 7 aus 25
Antwortstatistiken
Bundesland Park % Korrekt
Baden-Württemberg Europa-Park
89%
Niedersachsen Heide-Park
88%
Nordrhein-Westfalen Phantasialand
77%
Nordrhein-Westfalen Movie Park Germany
59%
Schleswig-Holstein Hansa-Park
58%
Bayern Legoland Deutschland
47%
Baden-Württemberg Erlebnispark Tripsdrill
43%
Rheinland-Pfalz Holiday Park
39%
Bayern Bayern-Park
32%
Sachsen Belantis
29%
Bayern Allgäu Skyline Park
24%
Bayern Freizeit-Land Geiselwind
23%
Sachsen Freizeitpark Plohn
23%
Nordrhein-Westfalen Fort Fun Abenteuerland
22%
Niedersachsen Serengeti-Park
20%
Baden-Württemberg Schwaben Park
17%
Niedersachsen Jaderpark
8%
Niedersachsen Rasti-Land
8%
Nordrhein-Westfalen potts park
7%
Hessen Taunus Wunderland
7%
Niedersachsen Tier- und Freizeitpark Thüle
3%
Bayern Churpfalzpark
2%
Brandenburg Karls Erlebnis-Dorf Elstal
2%
Mecklenburg-Vorpommern Karls Erlebnis-Dorf Rövershagen
2%
Schleswig-Holstein Tolk-Schau
2%
Keine übereinstimmenden Quizze gefunden
Verteilung der Resultate
Anzahl Personen mit jedem Resultat
Perzentil nach korrekt beantworteten Fragen
Ihre Resultats-Entwicklung
Sie haben dieses Quiz noch nicht gespielt